000 00303nam a2200121Ia 4500
008 221030s9999 xx 000 0 und d
041 _aEnglish
100 _aV K Balakrishanan
245 0 _aSchaum`s Theory & Problems of Graph Theory
_cby V K Balakrishanan
260 _c0
650 _aMc
942 _cBK
999 _c14639
_d14639